[Event "Bremen-ch op"]
[Site "Bremen"]
[Date "2016.03.26"]
[Round "9"]
[White "Nancheva, Doroteya"]
[Black "Ditmas, Hugh"]
[Result "1/2-1/2"]
[WhiteElo "1796"]
[BlackElo "1933"]
[PlyCount "123"]
[EventDate "2016.03.19"]
[EventType "swiss"]
[EventRounds "9"]
[EventCountry "GER"]
[SourceTitle "EXT 2018"]
[Source "ChessBase"]
[SourceDate "2017.10.13"]
[SourceVersion "1"]
[SourceVersionDate "2017.10.13"]
[SourceQuality "1"]

1. e4 c5 2. Nf3 Nc6 3. d4 cxd4 4. Nxd4 Nf6 5. Nc3 e5 6. Ndb5 d6 7. Nd5 Nxd5 8. exd5 Nb8 9. c4 Be7 10. Bd3 a6 11. Nc3 0-0 12. 0-0 f5 13. f3 Nd7 14. Be3 Bg5 15. Qd2 Bxe3+ 16. Qxe3 Nc5 17. Bc2 a5 18. Nb5 Qf6 19. Nc7 Rb8 20. b3 Rf7 21. Nb5 Bd7 22. a3 Bxb5 23. cxb5 Qd8 24. b4 axb4 25. axb4 Nd7 26. Rfc1 Qb6 27. Qxb6 Nxb6 28. Bd3 g6 29. Ra2 Rff8 30. Rac2 Rfc8 31. Rc7 Kh8 32. Be2 Rxc7 33. Rxc7 Nxd5 34. Rd7 Nc3 35. Bc4 Rc8 36. Be6 Nxb5 37. Rxb7 Rc1+ 38. Kf2 Nd4 39. Bd5 Rc2+ 40. Kf1 Rb2 41. Rb6 Nc2 42. Rxd6 Ne3+ 43. Ke1 Nxg2+ 44. Kf1 Ne3+ 45. Ke1 Rxb4 46. Kf2 Nxd5 47. Rxd5 e4 48. fxe4 Rb2+ 49. Kg3 fxe4 50. Re5 Re2 51. Re7 g5 52. h3 h5 53. Re5 h4+ 54. Kg4 Rg2+ 55. Kh5 Kg7 56. Rxe4 Kf6 57. Ra4 Kf5 58. Ra5+ Kf4 59. Ra4+ Kg3 60. Kxg5 Kxh3+ 61. Kh5 Rg8 62. Rxh4+ 1/2-1/2

[Event "Bremen-ch op"]
[Site "Bremen"]
[Date "2016.03.22"]
[Round "5"]
[White "Kohlscheen, Jens"]
[Black "Nancheva, Doroteya"]
[Result "1/2-1/2"]
[WhiteElo "1620"]
[BlackElo "1796"]
[PlyCount "47"]
[EventDate "2016.03.19"]
[EventType "swiss"]
[EventRounds "9"]
[EventCountry "GER"]
[SourceTitle "EXT 2018"]
[Source "ChessBase"]
[SourceDate "2017.10.13"]
[SourceVersion "1"]
[SourceVersionDate "2017.10.13"]
[SourceQuality "1"]

1. e4 e5 2. Nf3 Nc6 3. d4 exd4 4. Nxd4 Nf6 5. Nxc6 bxc6 6. e5 Qe7 7. Qe2 Nd5 8. c4 Ba6 9. b3 0-0-0 10. Bb2 Re8 11. Qd2 Nb6 12. Be2 f6 13. 0-0 fxe5 14. Re1 e4 15. Bf3 d5 16. Qa5 Kb7 17. cxd5 cxd5 18. Qd2 Qf7 19. Be2 Bxe2 20. Rxe2 Bc5 21. Nc3 Rhf8 22. Nb5 e3 23. fxe3 Re4 24. Nd4 1/2-1/2

[Event "Bremen-ch op"]
[Site "Bremen"]
[Date "2016.03.20"]
[Round "2"]
[White "Nancheva, Doroteya"]
[Black "Steingraeber, Kai Uwe"]
[Result "1/2-1/2"]
[WhiteElo "1796"]
[BlackElo "2147"]
[PlyCount "43"]
[EventDate "2016.03.19"]
[EventType "swiss"]
[EventRounds "9"]
[EventCountry "GER"]
[SourceTitle "EXT 2018"]
[Source "ChessBase"]
[SourceDate "2017.10.13"]
[SourceVersion "1"]
[SourceVersionDate "2017.10.13"]
[SourceQuality "1"]

1. e4 c5 2. Nf3 e6 3. d4 cxd4 4. Nxd4 Nc6 5. Nc3 Qc7 6. Be2 Nf6 7. Be3 Be7 8. 0-0 0-0 9. a4 a6 10. Kh1 d6 11. f4 Bd7 12. Bf3 Rfe8 13. Qd2 Rac8 14. Qf2 Nxd4 15. Bxd4 e5 16. Bb6 Qc6 17. f5 Qc4 18. Qe3 Bc6 19. b3 Qb4 20. Na2 Qa3 21. Nc3 Qb4 22. Na2 1/2-1/2

[Event "BUL-chT (Women) 47th"]
[Site "Sunny Beach"]
[Date "2014.09.20"]
[Round "2.3"]
[White "Nancheva, Doroteya"]
[Black "Sirkova, Darena"]
[Result "1-0"]
[WhiteElo "1793"]
[BlackElo "1929"]
[PlyCount "111"]
[EventDate "2014.09.19"]
[EventType "team-tourn"]
[EventRounds "7"]
[EventCountry "BUL"]
[SourceTitle "EXT 2015"]
[Source "ChessBase"]
[SourceDate "2014.11.20"]
[SourceVersion "1"]
[SourceVersionDate "2014.11.20"]
[SourceQuality "1"]
[WhiteTeam "Pleven Spartak XXI (W)"]
[BlackTeam "Plovdiv Lokomotiv 2000 (W)"]
[WhiteTeamCountry "BUL"]
[BlackTeamCountry "BUL"]

1. e4 c5 2. Nf3 e6 3. d4 cxd4 4. Nxd4 a6 5. Nc3 Qc7 6. Be2 Bb4 7. Qd3 Nf6 8. 0-0 Nc6 9. Nxc6 bxc6 10. Be3 0-0 11. f4 d6 12. Na4 Ba5 13. a3 c5 14. e5 dxe5 15. fxe5 Rd8 16. Qc4 Qxe5 17. Bxc5 Bc7 18. g3 Ne4 19. Bf3 Nxg3 20. Rfe1 Ne4 21. Qxe4 Qxh2+ 22. Kf1 Bd7 23. Nb6 Bb5+ 24. c4 Rab8 25. cxb5 Bxb6 26. Bxb6 Rxb6 27. Rad1 Rf8 28. Re2 Qh3+ 29. Bg2 Qb3 30. Rd3 Qxb5 31. Rh3 g6 32. Qh4 Qf5+ 33. Bf3 h5 34. Rf2 Rb5 35. Be2 Qb1+ 36. Kg2 Rc5 37. Qd4 Rg5+ 38. Rg3 Rxg3+ 39. Kxg3 Qg1+ 40. Kf3 a5 41. Qe5 Rd8 42. Rg2 Qh1 43. Qxa5 Rd5 44. Qa8+ Kg7 45. b4 Qh3+ 46. Kf2 Qh4+ 47. Kg1 Qe1+ 48. Kh2 Rd4 49. Rxg6+ Kxg6 50. Qg8+ Kf6 51. Qh8+ Ke7 52. Qxd4 Qxe2+ 53. Kh3 Qf3+ 54. Kh4 Qxa3 55. Qc5+ Kf6 56. Qg5# 1-0

[Event "EU-ch U18 Girls 23rd"]
[Site "Budva"]
[Date "2013.10.05"]
[Round "6"]
[White "Nancheva, Doroteya"]
[Black "Tomic, Milanka"]
[Result "0-1"]
[WhiteElo "1845"]
[BlackElo "1672"]
[PlyCount "76"]
[EventDate "2013.09.29"]
[EventType "swiss"]
[EventRounds "9"]
[EventCountry "MNE"]
[SourceTitle "CBM 156 Extra"]
[Source "ChessBase"]
[SourceDate "2013.10.22"]
[SourceVersion "1"]
[SourceVersionDate "2013.10.22"]
[SourceQuality "1"]

1. e4 e5 2. Nf3 Nc6 3. Bb5 a6 4. Ba4 Nf6 5. 0-0 Be7 6. Re1 b5 7. Bb3 d6 8. c3 0-0 9. h3 Na5 10. Bc2 c5 11. d4 Qc7 12. Nbd2 Be6 13. Nf1 h6 14. b3 Rfc8 15. Ne3 Nh7 16. Bb2 c4 17. b4 Nb7 18. d5 Bd7 19. a4 Ng5 20. Nh2 bxa4 21. Nf5 Bf8 22. h4 Nh7 23. Bxa4 Bxf5 24. exf5 a5 25. Bc6 axb4 26. cxb4 Rxa1 27. Qxa1 Nd8 28. b5 Nf6 29. Rd1 Qb6 30. Bc1 Nxc6 31. bxc6 Qb3 32. Be3 c3 33. Rd3 Nxd5 34. Qa6 Nxe3 35. Rxe3 Qb1+ 36. Nf1 c2 37. Rc3 Re8 38. Qc4 d5 0-1

[Event "EU-ch U18 Girls 23rd"]
[Site "Budva"]
[Date "2013.09.29"]
[Round "1"]
[White "Dragieva, Denitza"]
[Black "Nancheva, Doroteya"]
[Result "1-0"]
[WhiteElo "2086"]
[BlackElo "1845"]
[PlyCount "43"]
[EventDate "2013.09.29"]
[EventType "swiss"]
[EventRounds "9"]
[EventCountry "MNE"]
[SourceTitle "CBM 156 Extra"]
[Source "ChessBase"]
[SourceDate "2013.10.22"]
[SourceVersion "1"]
[SourceVersionDate "2013.10.22"]
[SourceQuality "1"]

1. d4 Nf6 2. Nf3 g6 3. Bg5 Bg7 4. Nbd2 c6 5. e3 d5 6. Be2 0-0 7. 0-0 Qb6 8. Qc1 c5 9. c4 cxd4 10. Nxd4 Nbd7 11. cxd5 Nxd5 12. Nc4 Qc7 13. Rd1 N7f6 14. Bh4 Nb6 15. Bg3 Qc5 16. a3 Nxc4 17. Bxc4 Ne4 18. f3 e5 19. fxe4 Qb6 20. Nf3 Bh6 21. Rd3 Bg4 22. Nxe5 1-0

[Event "Albena Masters op"]
[Site "Albena"]
[Date "2012.06.03"]
[Round "9"]
[White "Nancheva, Doroteya"]
[Black "Will, Matthias"]
[Result "0-1"]
[WhiteElo "1802"]
[BlackElo "2031"]
[PlyCount "74"]
[EventDate "2012.05.26"]
[EventType "swiss"]
[EventRounds "9"]
[EventCountry "BUL"]
[SourceTitle "CBM 148 Extra"]
[Source "ChessBase"]
[SourceDate "2012.06.22"]
[SourceVersion "1"]
[SourceVersionDate "2012.06.22"]
[SourceQuality "1"]

1. e4 c6 2. d4 d5 3. e5 g6 4. Nf3 Bg4 5. Be2 h5 6. 0-0 Bh6 7. Bxh6 Nxh6 8. h3 Bxf3 9. Bxf3 e6 10. Nd2 Qb6 11. Nb3 Nd7 12. Rc1 Nf5 13. c4 dxc4 14. Rxc4 Rd8 15. Qc2 Nb8 16. Rd1 Na6 17. a3 Ne7 18. Nc5 Nxc5 19. Rxc5 Nf5 20. Qc3 0-0 21. b4 Rd7 22. g4 hxg4 23. hxg4 Nh6 24. Kg2 Qd8 25. Qe3 Kg7 26. Rh1 Rh8 27. Rc4 b5 28. Rxc6 Rxd4 29. Qe2 Qg5 30. Qe3 Rf4 31. Rh3 Nxg4 32. Bxg4 Rxh3 33. Qxh3 Rxg4+ 34. Kf1 Rg1+ 35. Ke2 Qxe5+ 36. Qe3 Qh5+ 37. f3 Rg2+ 0-1

[Event "Albena Masters op"]
[Site "Albena"]
[Date "2012.06.02"]
[Round "8"]
[White "Rouhani, Farhad"]
[Black "Nancheva, Doroteya"]
[Result "1-0"]
[WhiteElo "2009"]
[BlackElo "1802"]
[PlyCount "69"]
[EventDate "2012.05.26"]
[EventType "swiss"]
[EventRounds "9"]
[EventCountry "BUL"]
[SourceTitle "CBM 148 Extra"]
[Source "ChessBase"]
[SourceDate "2012.06.22"]
[SourceVersion "1"]
[SourceVersionDate "2012.06.22"]
[SourceQuality "1"]

1. d4 Nf6 2. c4 g6 3. Nc3 Bg7 4. e4 d6 5. Nf3 0-0 6. Be2 e5 7. 0-0 Nc6 8. d5 Ne7 9. b4 Nh5 10. Re1 Nf4 11. Bf1 f5 12. Bxf4 exf4 13. e5 dxe5 14. Nxe5 a5 15. b5 Qd6 16. c5 Qxc5 17. Rc1 Qd6 18. Nc4 Qf6 19. Qe2 Kf7 20. d6 cxd6 21. Nb6 Be6 22. Qf3 Qd4 23. Rxe6 Kxe6 24. Bc4+ Kf6 25. Nd7+ Kg5 26. Nxf8 Rxf8 27. Qxb7 Bf6 28. Ne2 Qd2 29. Qf3 Rc8 30. b6 Rxc4 31. h4+ Kh6 32. Rxc4 Qxa2 33. b7 Qb1+ 34. Rc1 Qb6 35. Rc8 1-0

[Event "Sunny Beach op 10th"]
[Site "Sunny Beach"]
[Date "2011.08.28"]
[Round "2"]
[White "Angelov, Angel Y"]
[Black "Nancheva, Doroteya"]
[Result "1-0"]
[WhiteElo "2203"]
[BlackElo "1788"]
[PlyCount "70"]
[EventDate "2011.08.27"]
[EventType "swiss"]
[EventRounds "9"]
[EventCountry "BUL"]
[SourceTitle "CBM 144 Extra"]
[Source "ChessBase"]
[SourceDate "2011.10.28"]
[SourceVersion "1"]
[SourceVersionDate "2011.10.28"]
[SourceQuality "1"]

1. e4 e5 2. Nf3 Nc6 3. d4 exd4 4. c3 dxc3 5. Nxc3 d6 6. Bc4 Nf6 7. Qb3 Qd7 8. Be2 Be7 9. 0-0 0-0 10. Re1 Ne5 11. Nd4 c6 12. Bf4 Ng6 13. Bg3 d5 14. e5 Ne4 15. Nxe4 dxe4 16. Rad1 Bc5 17. e6 Qe7 18. Bc4 f5 19. Nxf5 Rxf5 20. Rxe4 Kh8 21. Qd3 Rf8 22. h4 b5 23. Bb3 Qf6 24. Qc2 Qf5 25. Rc1 Bb7 26. h5 Ne7 27. Qxc5 Qxe4 28. f3 Qe2 29. Re1 Qd2 30. Rd1 Qh6 31. Qxe7 Ba6 32. Qc5 Rad8 33. Rxd8 Rxd8 34. e7 Re8 35. Bf7 Rc8 1-0

[Event "Albena op 19th"]
[Site "Albena"]
[Date "2011.06.25"]
[Round "1"]
[White "Nancheva, Doroteya"]
[Black "Sarenac, David"]
[Result "0-1"]
[WhiteElo "1788"]
[BlackElo "2315"]
[PlyCount "80"]
[EventDate "2011.06.25"]
[EventType "swiss"]
[EventRounds "9"]
[EventCountry "BUL"]
[SourceTitle "CBM 143 Extra"]
[Source "ChessBase"]
[SourceDate "2011.08.29"]
[SourceVersion "1"]
[SourceVersionDate "2011.08.29"]
[SourceQuality "1"]

1. e4 c5 2. Nf3 d6 3. d4 cxd4 4. Nxd4 Nf6 5. Nc3 a6 6. Be2 e5 7. Nb3 Be7 8. 0-0 0-0 9. Be3 Be6 10. Qd2 Nbd7 11. a4 Rc8 12. a5 Qc7 13. Rfd1 Rfd8 14. Qe1 Qc6 15. Bf3 h6 16. Rd2 Nh7 17. Qd1 Ng5 18. Bxg5 hxg5 19. Nc1 Nf6 20. h3 b5 21. axb6 Qxb6 22. Nd3 a5 23. Qe2 Rb8 24. Qe3 Qc7 25. Nd5 Nxd5 26. exd5 Bd7 27. b3 f5 28. Nb2 Bf6 29. Ra2 g6 30. Nc4 a4 31. Rd1 Re8 32. Be2 Bb5 33. Na3 Bxe2 34. Qxe2 axb3 35. cxb3 Rxb3 36. Rc2 Qd7 37. Nc4 e4 38. Rdc1 Rd3 39. Nb6 Qb5 40. Rb2 Qxb2 0-1

[Event "Teteven op 25th"]
[Site "Teteven"]
[Date "2010.08.14"]
[Round "1"]
[White "Nancheva, Doroteya"]
[Black "Nikolov, Sasho"]
[Result "0-1"]
[WhiteElo "1814"]
[BlackElo "2409"]
[PlyCount "64"]
[EventDate "2010.08.14"]
[EventType "swiss"]
[EventRounds "9"]
[EventCountry "BUL"]
[SourceTitle "EXT 2011"]
[Source "ChessBase"]
[SourceDate "2010.11.26"]
[SourceVersion "1"]
[SourceVersionDate "2010.11.26"]
[SourceQuality "1"]

1. e4 c5 2. Nf3 e6 3. d4 cxd4 4. Nxd4 Nc6 5. Nb5 d6 6. Bf4 e5 7. Be3 Nf6 8. Bg5 Be6 9. Bxf6 gxf6 10. N1c3 a6 11. Na3 b5 12. Nd5 Bg7 13. c3 Ne7 14. Nc2 Bxd5 15. exd5 f5 16. Be2 0-0 17. 0-0 f4 18. f3 f5 19. Qd3 Ng6 20. a4 bxa4 21. Rxa4 a5 22. Na3 Qg5 23. Ra1 Rae8 24. Nb5 Nh4 25. Bf1 e4 26. fxe4 fxe4 27. Rxe4 Nxg2 28. Kh1 Ne3 29. Rxe8 Rxe8 30. Nxd6 Re5 31. Ne4 Qg4 32. Nd2 Rg5 0-1